Normal view
MARC view
- PURCELL, E. M:MONTGOMERY, C. G:DICKE, R. H
Entry Personal Name
001 - CONTROL NUMBER
- control field: 73683
003 - CONTROL NUMBER IDENTIFIER
- control field: NUST
005 - DATE AND TIME OF LATEST TRANSACTION
- control field: 20210628205045.0
008 - FIXED-LENGTH DATA ELEMENTS
- fixed length control field: 210628|| aca||aabn | a|a d
040 ## - CATALOGING SOURCE
- Original cataloging agency: NUST
- Transcribing agency: NUST
100 ## - HEADING--PERSONAL NAME
- Personal name: PURCELL, E. M:MONTGOMERY, C. G:DICKE, R. H
670 ## - SOURCE DATA FOUND
- Source citation: Work cat.: (NUST): PURCELL, E. M:MONTGOMERY, C. G:DICKE, R. H, PRINCIPLES OF MICROWAVE CIRCUITS, 1948
